[Event "Biel MTO op"]
[Site "Biel"]
[Date "2006.08.04"]
[Round "11"]
[White "Ulybin, Mikhail"]
[Black "Atalik, Suat"]
[Result "0-1"]
[WhiteElo "2489"]
[BlackElo "2619"]
[Annotator "Atalik,S"]
[PlyCount "124"]
[EventDate "2006.07.24"]
[EventType "swiss"]
[EventRounds "11"]
[EventCountry "SUI"]
[SourceTitle "CBM 113 Extra"]
[Source "ChessBase"]
[SourceDate "2006.09.14"]
[SourceVersion "1"]
[SourceVersionDate "2006.09.14"]
[SourceQuality "1"]

{Last round games or in other words money games have their own rules.One has
to play sharp and keep cool.In this second encounter with GM Ulibin after 10
years I have noticed that I was more up to the needs of the situation.} 1. e4
e5 2. Nf3 Nc6 3. Bb5 a6 4. Ba4 Nf6 5. d3 $5 {Misha does not want to allow an
Open Spanish.} d6 6. c4 Be7 7. Nc3 O-O 8. Bxc6 $5 {Going into Steinitz
Deferred with a tempo down but having his pawn already on c4 has its pros and
cons.} bxc6 9. d4 exd4 10. Nxd4 Bd7 11. O-O h6 $5 {Aiming for Nh7,Bf6.} 12. Qf3
$1 {Threatening e5 in case of the above mentioned maneuver.} Re8 13. Be3 Bf8
14. Nf5 Bxf5 15. exf5 Qd7 16. Rad1 Be7 $1 {Black is consistent with his idea.}
17. g4 $6 {An unnecessary move.} (17. Bd4 Nh7 18. Ne4 Ng5 19. Nxg5 Bxg5 20. c5
(20. Qc3 $2 Qxf5) 20... d5 $13) 17... Nh7 18. Ne4 Bh4 (18... Bf6 $5 19. Nxf6+
Nxf6 20. Bd4 Ne4 $36) 19. Bd4 Re7 {I have played the most sensible one.} (19...
c5 $5 20. Bc3 (20. Bxc5 Qe7) 20... Qa4 21. b3 Qxa2 22. Nd2 Bf6 23. Ra1 Qc2 24.
Rfc1 Bxc3 25. Rxc2 Bxa1 $44) (19... Bf6 20. Nxf6+ Nxf6 21. Bxf6 gxf6 $11) 20.
Rfe1 Rae8 21. Kf1 $2 $138 {My opponent who was looking very nervous since the
very beginning of the game was already in his usual time trouble.GM Ulibin was
a star of Russian chess in 90's alas he always had bad time management.} (21.
Re3 Ng5 (21... Bg5 22. Re2) (21... c5 $6 22. Bxc5 Qa4 23. Nc3 Qxc4 24. Rxe7
Bxe7 25. Bd4 $14) 22. Nxg5 Bxg5 23. Rxe7 Qxe7 $1 $40) 21... d5 $5 {I was in
between two promising alternatives.} (21... c5 $5 22. Bxc5 (22. Bc3 Qa4 23. Nd2
Ng5 24. Qd3 Re2 25. Qxe2 Rxe2 26. Kxe2 Nh3 $19) 22... Qa4 23. b3 Qa5 24. Ba7 $5
(24. Bd4 Ng5 $19)) 22. Nc5 Qd6 $1 (22... Rxe1+ 23. Rxe1 Rxe1+ 24. Kxe1 Qd6 $17)
(22... Ng5 23. Qf4 (23. Qc3 Qd6) 23... Qd6 $2 24. Rxe7 $3 Qxf4 25. Rxe8+ Kh7
26. Nd7 h5 27. Nf8+ Kh6 28. Ne6 $18) 23. Rxe7 Rxe7 24. Be3 Bg5 25. Bd4 Bf6 $1 (
25... Qxh2 26. cxd5 cxd5 27. Qxd5 Nf6 28. Qf3 $11) 26. Be3 Ng5 {After the
effective bishop maneuver black charges .} 27. Qg3 (27. Bxg5 Bxg5 $17 (27...
Qxc5 $2 28. Bxf6 Qxc4+ 29. Qd3 Qxd3+ 30. Rxd3 gxf6 31. Ra3 $16)) 27... Be5 $1 {
finally I have brought him into what I wanted.} 28. f4 Bxb2 29. fxg5 (29. Nd3
Ne4) 29... Qxg3 30. hxg3 Rxe3 31. cxd5 (31. gxh6 dxc4) 31... Ba3 (31... cxd5
32. Rxd5 (32. gxh6 c6) 32... hxg5 33. Rd8+ Kh7 34. Rd7 Rxg3 35. Rxf7 Rxg4 36.
Nxa6 c6 37. Nc5 $11) 32. Nxa6 Bd6 33. dxc6 $2 (33. gxh6 cxd5 (33... gxh6 $2 34.
dxc6 Rxg3 35. Rd4 Ra3 36. Nb4 $11) 34. hxg7 Rxg3 35. Rxd5 Rxg4 36. Nc5 Kxg7 37.
Nd7 Ra4 38. Rd2 f6 $17) 33... hxg5 $19 34. Rd5 Ra3 $1 {Sending the knight into
an awkward position.} (34... Rf3+ 35. Ke2 Ra3 36. Rxd6 cxd6 37. c7 Rc3 38. Kd2
Rc4 39. a4 Kf8 40. Kd3 d5 41. Nb4 Rxc7 42. Nxd5 $44) 35. Nb8 Rxa2 36. Nd7 (36.
Rd4 f6) 36... f6 37. Rb5 (37. Rd4 Rc2 38. Nb8 Kf7) 37... Rc2 (37... Ra4 38. Nc5
Rxg4 39. Ne6 Rxg3 $19 {was even quicker.}) 38. Nb8 Bxg3 (38... Rc4 39. Kg2 Rc3
40. Kf2) 39. Rd5 Bd6 (39... Rc4 40. Ke2) 40. Rd4 Kf7 41. Re4 g6 $1 {Black is
systematically improving his position.} 42. fxg6+ Kxg6 43. Re6 (43. Ke1 Kf7 44.
Kd1 Rg2 45. Ke1 Bf4 $19) 43... Kf7 {I did not want to give him any slight
chance.} (43... Rc4 44. Nd7 Rf4+ 45. Ke2 Kf7 46. Rxd6 cxd6 47. Nb6 Re4+ 48. Kd3
Re7 49. Nd5 Re5 50. Kd4 Ke6 51. Nc7+ Ke7 52. Nd5+ Kd8 $19) 44. Re4 Be5 $1 (
44... f5 $2 45. gxf5 Kf6 46. Re2 Rxe2 47. Kxe2 Kxf5 48. Kf3 g4+ 49. Kg2 Ke4 50.
Nd7 g3 51. Nb8 $1 $11 {It is fantastic that the knight can eternally hold c6
in this line.}) 45. Kg1 Ke6 46. Kf1 Kd5 (46... Rb2 47. Na6 Kd5) 47. Rb4 Bd4 48.
Rb5+ Ke6 (48... Ke4 49. Rf5 Rc1+ 50. Kg2 Rg1+ 51. Kh3 Be5 $19) 49. Rf5 Rc3 (
49... Rc1+ 50. Ke2 Rg1 51. Kf3 Be5 $19) 50. Kg2 Be5 51. Kf2 Kf7 $1 {
Triangulation.} (51... Bd6 52. Nd7 Rxc6 53. Nxf6 Rc5 54. Rf3 Rc2+ 55. Kf1 Rc4
$19) 52. Ke2 (52. Nd7 Bd4+ 53. Ke2 Rxc6 $19) 52... Ke7 $1 53. Kf2 (53. Nd7 Rxc6
54. Nxe5 Re6 $19) 53... Bd4+ 54. Kg2 Ke6 $1 (54... Ba7 55. Na6 Rxc6 56. Nb4 Rc4
57. Nd5+ Ke6 58. Nxf6 Rxg4+ 59. Nxg4 Kxf5 $19 {might have been considered.})
55. Rf3 Rc2+ 56. Kf1 (56. Kh3 Be5) 56... Be5 $19 {Now the deadly threat is Rc4.
} 57. Rf2 Rc4 58. Rg2 Kd5 {Once white's rook is forced into a passive post
kingdom marches.} 59. Ke2 (59. Rd2+ Ke4 60. Kg2 Ke3 $19) 59... Rb4 (59... Ke4 {
was a serious alternative.}) 60. Nd7 Rb2+ (60... Kxc6 61. Nxe5+ fxe5 $19) 61.
Kf3 Rxg2 62. Kxg2 Kxc6 {This win enabled me to share the 4th place.} 0-1

[Event "UKR-ch 73rd"]
[Site "Kharkov"]
[Date "2004.08.25"]
[Round "1.2"]
[White "Shkuran, Danylo"]
[Black "Ivanchuk, Vassily"]
[Result "0-1"]
[WhiteElo "2390"]
[BlackElo "2715"]
[Annotator "Atlas,V"]
[PlyCount "48"]
[EventDate "2004.08.03"]
[EventType "k.o."]
[EventRounds "5"]
[EventCountry "UKR"]
[SourceTitle "CBM 103"]
[Source "ChessBase"]
[SourceDate "2004.11.11"]
[SourceVersion "1"]
[SourceVersionDate "2004.11.11"]
[SourceQuality "1"]

1. e4 e5 2. Nf3 Nc6 3. Bb5 a6 4. Ba4 Nf6 5. Qe2 Bc5 6. O-O O-O 7. c3 d6 8. Rd1
Bd7 9. Bc2 Ba7 10. h3 h6 11. d4 Re8 12. dxe5 Nxe5 13. Nxe5 Rxe5 14. Bf4 Re6 15.
Nd2 Qe7 16. Kh2 Bb5 17. Qf3 Bc6 18. Bb3 Bxe4 19. Nxe4 Rxe4 20. Bc2 $2 ({
Correct was} 20. Rd2 {, although Black retains a large advantage anyway.})
20... Re2 21. Qxb7 $2 ({More stubborn was} 21. Bd3 Rxb2 (21... Rxf2 22. Qxb7
Ng4+ 23. Kh1 {The text move allows Black to conclude the game in style.})) {
[%tqu "En","How should Black continue his attack?","Try to expose the enemy
king.","Sacrfice your knight to bring the queen into attack!","f6g4","This
nice sacrifice breaks White's defence and wins the game in style.",5]} 21...
Ng4+ $1 {[%cal Ge7h4] After this knight sacrifice the white king is doomed.}
22. Kg1 ({Black's knight is invulnerable:} 22. hxg4 Qh4+ 23. Kg1 Bxf2+ 24. Kf1
Rae8 25. g3 Bxg3 {, and White is defenseless.}) 22... Re8 $1 23. Bd3 (23. Qxa7
{fails to} Re1+ 24. Rxe1 Qxe1+ 25. Rxe1 Rxe1#) 23... Re1+ 24. Bf1 (24. Rxe1 {
is refuted by} Qxe1+ 25. Rxe1 Rxe1+ 26. Bf1 Bxf2+ 27. Kh1 Rxf1#) 24... Qe2 $1 {
The concluding blow, forcing mate in two.} (24... Qe2 25. Rxe1 Qxf2+ 26. Kh1
Qg1#) 0-1

[Event "RUS-ch"]
[Site "Elista"]
[Date "1994.??.??"]
[Round "1"]
[White "Tiviakov, Sergei"]
[Black "Balashov, Yuri S"]
[Result "1/2-1/2"]
[WhiteElo "2640"]
[BlackElo "2505"]
[Annotator "Belov,I"]
[PlyCount "99"]
[EventDate "1994.09.??"]
[EventType "swiss"]
[EventRounds "11"]
[EventCountry "RUS"]
[SourceTitle "CBM 044"]
[Source "ChessBase"]
[SourceDate "1995.02.01"]
[SourceVersion "1"]
[SourceVersionDate "1995.02.01"]
[SourceQuality "1"]

1. e4 e5 2. Nf3 Nc6 3. Bb5 a6 4. Ba4 Nf6 5. Qe2 d6 (5... b5) 6. c3 Bd7 (6...
Be7 7. O-O O-O 8. Rd1 Qe8 $5 9. Bc2 Bd8 10. d3 Ne7 $10 {Tiviakov,S-Zaitsev,I/
Podolsk/1992/1:0/29/}) 7. d4 Qe7 (7... Be7 $5 8. Bxc6 (8. O-O $14) 8... Bxc6 9.
dxe5 Nxe4 $10) 8. d5 (8. Nbd2) 8... Nb8 9. Bc2 (9. Bxd7+ Nbxd7 10. c4 $14) 9...
g6 10. c4 Bg7 11. Nc3 O-O 12. O-O a5 13. a3 Na6 14. Rb1 Nh5 $132 15. b4 (15. g3
$6 Bg4 16. Qe3 (16. Kg2 Qd7 17. Re1 f5 $15)) 15... axb4 16. axb4 Nf4 17. Qe3 (
17. Bxf4 $6 exf4 18. Nb5 f5 $17) 17... Bh6 (17... f5 18. Re1 $5) 18. Kh1 Qf6 {
/\ Ng2} 19. Ng1 $1 {/\ g3} Bg5 20. Qe1 Nh5 21. Be3 $5 Qe7 (21... Bxe3 22. fxe3
$5) 22. b5 Bxe3 $1 (22... Nc5 23. Bxc5 $1 dxc5 24. b6 $16) 23. bxa6 (23. fxe3
Nc5 $15) 23... Bb6 24. axb7 Rab8 25. Nf3 Rxb7 26. c5 $1 (26. Ba4 Ra7 27. Bxd7
Qxd7 $15) 26... dxc5 27. Nd2 Ra7 28. Nc4 Ba5 $10 29. Qe3 Rfa8 30. Nxa5 Rxa5 31.
Bd1 Nf6 32. f4 $5 Ra3 {/\ Ne4!} 33. Rc1 Ra1 34. Rxa1 Rxa1 35. Qf2 $1 Kg7 36.
Qb2 $14 Ra5 37. Ne2 (37. h3 $6 exf4 38. Rxf4 Qe5 $15) 37... Rb5 $1 (37... Ng4
38. Qc3 $1 Rb5 39. h3 $16) 38. Qa1 Ng4 $1 $10 39. Nc3 Rb6 40. Bxg4 Bxg4 41. h3
Bd7 42. d6 $1 (42. Nd1 $6 f6 43. fxe5 Qxe5 44. Qxe5 fxe5 45. Ne3 Rb4 $17) 42...
Qxd6 $8 (42... Rxd6 43. Nd5 Qe6 44. fxe5 $16) 43. Rd1 Ra6 $1 (43... Qe6 44. Nd5
Ra6 45. Nxc7 $16) 44. Qb2 Qe6 45. Nd5 Ra4 $10 46. Nxc7 Qe7 47. Nd5 Qe8 48. Nc7
Qe7 49. Nd5 Qe8 50. Nc7 1/2-1/2

[Event "SWE-chT 1415 Elite"]
[Site "Sweden"]
[Date "2014.11.21"]
[Round "1.1"]
[White "Berg, Emanuel"]
[Black "Tukhaev, Adam"]
[Result "1/2-1/2"]
[WhiteElo "2545"]
[BlackElo "2542"]
[Annotator "Berg,E"]
[PlyCount "142"]
[EventDate "2014.11.21"]
[EventType "team-tourn"]
[EventRounds "9"]
[EventCountry "SWE"]
[SourceTitle "CBM 164"]
[Source "ChessBase"]
[SourceDate "2015.01.15"]
[SourceVersion "1"]
[SourceVersionDate "2015.01.15"]
[SourceQuality "1"]
[WhiteTeam "Stockholm Viking"]
[BlackTeam "Orgryte"]
[WhiteTeamCountry "SWE"]
[BlackTeamCountry "SWE"]

1. e4 e5 2. Nf3 Nc6 3. Bb5 a6 4. Ba4 d6 5. Bxc6+ {This is not considered the
most critical continuation but it's quite a simple way ofplaying for White.
I've also been successful with this move in earlier encounters.} ({The main
line follows} 5. c3 {with lots of theory}) ({while} 5. O-O {is another very
popular option.}) 5... bxc6 {White has now a slightly better pawn structure
while Black in return has the pair of bishops.} 6. d4 {Aiming for control in
the centre.} exd4 (6... f6 {is more popular when Black keeps control in the
centre although he remains a bit passive. Black has a very solid setup and
it's pretty hard for White to find an active long term plan.} {However one
interesting idea is to play} 7. c4 $5 {as was once played by Adams. The
intention is to break with c5 later on in the game to make use of White's
favourable pawn structure: 1-0 (34) Adams,M (2685)-Conquest,S (2585) Hastings
1996.}) 7. Qxd4 {This move stops the development of Black's bishop on f8 while
preparing for a timely e5-break.} Nf6 {This seemingly natural move actually
invites e5 now or in the next few moves. This is likely the reason why this
move is not the most popular continuation. Now the question remains if White
really can achieve anything from the e5-break.} ({In my two earlier games I
had only faced} 7... c5 {which is Black's most popular continuation. This
gives some open air for Black's bishop on c8 but it also weakens the light
squares, particulary d5.} {There might follow} 8. Qd3 Ne7 (8... Bb7 {was seen
in 1-0 (33) Berg,E (2550)-Fedorchuk,S (2634) Germany 2012 CBM 147 [Berg,E]}) ({
Another alternative is} 8... Be7 9. Nc3 Bf6 10. Nd5 Bb7 11. O-O Bxd5 12. exd5
Ne7 13. Ng5 $14 {when White was somewhat better in 1-0 (42) Berg,E (2608)
-Skrondal,I (2237) Oslo 2011 [Berg,Emanuel]. Black has lost his trump, the
bishop pair while his pawn weaknesses remain.}) 9. Nc3 Ng6 10. h4 $1 h5 11. Bg5
Be7 12. O-O-O {with promising play for White in 1-0 (39) Lopez Martinez,J 
(2518)-Yagiz,Y (2209) Kusadasi 2006.}) 8. Nc3 ({The immediate} 8. e5 $5 {
needs to be checked. White threatens the knight on f6 causing some direct
concern as an exchange on e5 would give White a superior pawn structure. There
might follow} c5 $1 {This is the most concrete and best solution. By playing
this move Black opens up the light squares for his bishop on c8 which means
that he will not lose a pawn in the following line.} (8... Nd5 $6 {favours
White after} 9. O-O Be6 10. exd6 cxd6 11. Re1 $14 {1-0 (35) Handke,F (2474)
-Rodriguez Hernandez,J Dos Hermanas 2006; when Black suffers from being behind
in development.}) 9. Qd3 dxe5 ({The alternative} 9... Qe7 $5 $146 {has not yet
been tested. This keeps the pawn structure intact for Black but on the other
hand leaves him far behind in development.} {White should proceed with} 10. Bf4
{when Black probably has to take on e5 anyway. A possible continuation is} dxe5
(10... Nh5 11. Bd2 dxe5 12. O-O {favours White due to the tactic} f6 13. Nxe5
$1 fxe5 14. Qf3 $14 {when White wins back the pawn while Black's pawns are
left in ruins.}) 11. Nxe5 Qe6 $1 (11... Nd7 {is well met by} 12. Qe4 $1 {
intending} Rb8 13. Nc3 Bb7 (13... Nxe5 $2 14. Nd5 $1) 14. Nd5 Bxd5 15. Qxd5 f6
16. Qxd7+ Qxd7 17. Nxd7 Kxd7 18. O-O-O+ $14 {White's better pawn structure
secures a slight edge in the endgame.}) 12. Nc3 Bd6 13. O-O-O Bb7 $1 {This
move intending ...0-0-0 looks surprisingly strong. It gives Black rapid
development while it appears his king is actually safe enough on the queenside.
} ({After} 13... O-O 14. Rhe1 Nh5 15. Bd2 $1 Bxe5 16. Qf3 Rb8 17. Qxh5 {
White can claim an advantage, e.g.} f6 (17... Bxc3 18. Bxc3 Qxa2 19. b3 $1 $16
{leaves the Black king in great danger whle White's counterpart is relatively
safe..}) 18. f4 Qb6 (18... Bxc3 19. Bxc3 Qxa2 $4 {now loses due to} 20. Re7 $1
$18 {with a crushing attack!}) 19. b3 Bd6 20. Nd5 Qc6 21. Bc3 $16 {White has a
great position with active pieces and attacking potential against Black's king.
In addition he also has a favourable pawn structure.}) {There might follow} 14.
Rhe1 O-O-O 15. Qh3 $1 {Other moves seem to be in Black's favour.} Qxh3 16. gxh3
$11 {Finally we have reached an unbalanced but approximately equal position.})
10. Qxd8+ Kxd8 11. Nxe5 {Now it becomes clear why the inclusion of ...c5 helps
Black.} Be6 $11 {The position is level although it also offers mutual chances
due to the lack of symmetry. 1/2-1/2 (75) Formanek,E (2350)-Winants,L (2480)
Antwerp 1995. I conclude that the early 8.e5!? is an interesting practical try
for White but that Black is theoretically fine.}) 8... Be7 9. e5 $5 {This move
has an excellent score for White but looks completely fine for Black from a
theoretical perspective.} Ng4 $5 $146 {An interesting novelty which worked out
well n the game.} ({However} 9... c5 $11 {is perhaps objectively stronger as
played in: 1/2-1/2 (64) Benjamin,J (2576)-Goldin,A (2598) San Diego 2006}) 10.
h3 $6 {A misjudgement of the resulting position. White now achieves an
attractive, favourable pawn structure. However as the game shows Black's
active counterplay with the bishop pair is more than sufficient.} ({Instead} 
10. Bf4 $1 {was the way to go keeping the tension. There might follow} O-O 11.
O-O-O c5 12. Qd2 $36 {when White maintains a slight initiative.}) 10... Nxe5
11. Nxe5 dxe5 12. Qxe5 O-O 13. O-O Bd6 14. Qh5 Qf6 $6 {Not a very ambitious
move, leading to immediate equality.} ({A stronger try was} 14... Qe8 $1 $15 {
which takes control over the open e-file and prevents White's main idea Ne4.
White is now under some pressure and needs to switch to defensive mode.}) ({
During the game I expected} 14... Rb8 {to make use of the half-open b-file and
to prevent the development of White's c1-bishop. However there is no rush for
White so he can simply continue} 15. Re1 $1 {with Ne4 to come when he is well
in control.}) 15. Ne4 Qg6 $6 {A slightly surprising move to me. This forces
exchanges but gives White a tiny edge.} ({I expected} 15... Qf5 {when after}
16. Qxf5 Bxf5 17. Nxd6 cxd6 $11 {Black is a bit more active than in the game.})
({Even stronger is probably} 15... Qe5 $1 16. Qxe5 Bxe5 {forcing White to
neutralise Black's initiative with} 17. c3 Bf5 18. f4 $1 $11) 16. Qxg6 hxg6 17.
Nxd6 cxd6 18. Bf4 d5 19. Rfe1 (19. g4 {stops ...Bf5 but instead Black gets
active with} Re8) 19... Bf5 20. Re7 (20. f3 Rfe8 21. c3 {was another way to
continue but White's slight pressue is just symbolic.}) 20... Rfe8 $1 21. Rae1
Rxe7 22. Rxe7 Bxc2 23. Rc7 d4 24. Rxc6 d3 {We were now approaching slight time
trouble and Black's passed pawn started to become a bit annoying. Objectively
there is nothing for Black but even the slightest slip by White can now be
decisive.} 25. Rd6 {The most secure option covering d2 with the maximum number
of pieces.} ({My original idea was} 25. Kf1 {intending to bring the king to d2.
However after} Re8 $5 {things looks slightly shaky for White.} 26. Bd2 $1 {
Setting up a counter-trap.} (26. Be3 $4 {would be disastrous due to} Rxe3 $1
27. fxe3 d2 $19 {and Black wins.}) 26... f6 (26... Bb1 27. Rxa6 Re2 28. Bc3 $16
) ({Not} 26... Re2 $4 27. Rxc2 $18) 27. h4 Rb8 28. b3 Re8 $11 {with equality.
Neither side can make progress.}) 25... a5 26. Kf1 {Now White brings the king
over to d2 in order to free the rook and bishop from holding back the d3-pawn.}
a4 27. Ke1 Bb1 $6 {Black complicates matters somewhat.} (27... a3 {would
liquidate to a draw after} 28. Rb6 axb2 29. Rxb2 $11) 28. a3 Re8+ 29. Be3 f5
30. Rd4 Re4 {This loses a pawn and gives White some practical winning chances
in the resulting opposite coloured bishop ending.} 31. Rxe4 fxe4 32. Kd2 Bc2 (
32... Kf7 33. Kc3 Ke6 34. Kd4 Ba2 35. Kxe4 Bd5+ 36. Kxd3 Bxg2 {looks more
simple when Black should hold the draw comfortably.}) 33. Kc3 Kf7 34. Kd4 Ke6
35. g3 $1 {Preventing ideas with ...Bb3 for Black.} (35. Bd2 Bb3 $1 36. Kxe4
Bd5+ 37. Kxd3 Bxg2 38. h4 Bd5 {gives White an extra pawn but no real winning
chances.}) 35... Kf5 36. Bd2 Bd1 37. g4+ Ke6 38. Kxe4 Be2 39. f3 Bf1 40. h4 Bg2
41. Bc3 {Suddenly White is given some chances to play for the win and Black
needs to defend accurately.} Kd6 42. Ke3 Kd5 43. f4 (43. h5 gxh5 44. gxh5 Kc4
45. Bxg7 (45. f4 Bc6 46. Bxg7 Be8 47. h6 Bg6 48. Bc3 Bf5 49. Bd2 Bg6 50. Kf2
Bf5 51. Kg3 Kb3 (51... Kd5 52. Kh4 Ke6 53. Kg5 Be4 $11) 52. Kh4) 45... d2 46.
Kxd2 Bxf3 47. h6 Be4 48. Ke3 Kd5 49. Kf4 Bc2 50. Kg5 Ke6 51. b4 axb3 52. a4 (
52. Bb2 Kd5 $11) 52... Kd7 53. a5 Kc6 $11) (43. g5 Kc4 44. Bxg7 d2 45. Kxd2
Bxf3 $11) 43... Bh3 44. Kxd3 Bxg4 45. Bxg7 {White is two full pawns up but
still unable to win due to the fact of opposite coloured bishops. Moreover
Black is able to take advantage of the fact that White cannot win with a
passed a-pawn even if he wins Black's bishop (as the game will show).} Bd1 46.
b4 {The only way to create a passer.} axb3 47. Kd2 Bc2 48. a4 Kc6 49. Kc3 Kb7
50. Kb4 Ka8 {Black has many ways to draw now but decides to demonstrate that
even giving away his bishop is enough for a draw.} 51. Bc3 Kb7 52. Bb2 Ka8 53.
Bc1 Kb7 54. Bb2 Ka8 55. Kc4 Kb7 56. a5 Ka8 57. Kd4 Kb7 58. Bc3 Ka8 59. Ke5 Kb7
60. Kf6 Ka8 61. Kg5 Kb7 62. f5 Bxf5 63. h5 gxh5 64. Kxf5 h4 65. Kg4 h3 66. Kxh3
b2 67. a6+ Ka8 68. Bxb2 Ka7 69. Bd4+ Ka8 70. a7 Kb7 71. a8=N Kxa8 1/2-1/2

[Event "ESP-chT CECLUB Honor"]
[Site "Sestao"]
[Date "2010.08.23"]
[Round "1"]
[White "Hamdouchi, Hicham"]
[Black "Gustafsson, Jan"]
[Result "1-0"]
[WhiteElo "2600"]
[BlackElo "2643"]
[Annotator "CB"]
[PlyCount "55"]
[EventDate "2010.08.23"]
[EventType "team-tourn"]
[EventRounds "7"]
[EventCountry "ESP"]
[SourceTitle "CBM 138"]
[Source "ChessBase"]
[SourceDate "2010.09.17"]
[SourceVersion "1"]
[SourceVersionDate "2010.09.17"]
[SourceQuality "1"]

1. e4 e5 2. Nf3 Nc6 3. Bb5 a6 4. Ba4 Nf6 5. d3 Bc5 6. Bxc6 dxc6 7. Be3 Bd6 8.
h3 Nd7 9. Nbd2 O-O 10. O-O Re8 11. Nc4 c5 12. Nfd2 Nf8 13. Nxd6 cxd6 14. f4
exf4 15. Bxf4 Ng6 16. Bg3 Be6 17. Nc4 Qg5 18. Qf3 d5 19. Nd6 dxe4 20. dxe4 Re7
21. Nf5 Rd7 22. h4 Qd8 23. h5 Ne7 $2 {#} 24. Nxg7 $1 Kxg7 25. Qf6+ Kf8 (25...
Kg8 26. Be5 $1 (26. h6 $2 Qf8 27. Be5 Ng6 {and Black makes it.} 28. Rf3 Qxh6
29. Raf1 (29. Rg3 Kf8 $1) 29... Re8 30. Rg3 Kf8 $17)) 26. Qxe6 Nc6 {#} 27. Rad1
$1 Nd4 (27... Rxd1 28. Qxf7#) 28. Bd6+ ({If} 28. Bd6+ Kg8 29. Qg4+ Kh8 30. Be5+
) 1-0